000 00991nam a22001937a 4500
003 OSt
005 20251216094846.0
008 251216b |||||||| |||| 00| 0 eng d
040 _cDCL
082 _a၂၉၄.၃၈၂၄
100 0 _aဟန်၊
_cဆရာ၊ ဆုထူးပန်-
245 1 0 _aဆူထူးပန်အဘိဓမ္မာ (ပထမအဆင့်) /
_cဆုထူးပန် ဆရာဟန်၊ တည်းဖြတ်သူ အရှင်ဝိစိတ္တသာရ။
260 _aရန်ကုန် ၊
_bရွှေပင့်ကူစာပေတိုက်၊
_c၁၉၉၇။
300 _a၂၁၈ စာမျက်နှာ ၊
_c၂၈ စင်တီ။
500 _aကျမ်းကိုးစာရင်းပါသည်။
650 _aအဘိဓမ္မာ။
700 _aဝိစိတ္တသာရ၊ အရှင်
_eတည်းဖြတ်သူ
942 _2ddc
_cSHORT TERM
_n0
999 _c2728
_d2728